| 000 | 00920 a2200205 4500 | ||
|---|---|---|---|
| 999 |
_c8699 _d8699 |
||
| 020 | _a9780409052947 (pbk.) | ||
| 050 | 0 | 0 | _aKTL1270 PLE 2012 |
| 100 | 1 |
_aDu Plessis, J. V. _eauthor |
|
| 245 | 1 | 2 |
_aA practical guide to labour law / _c |
| 250 | _a7th ed. | ||
| 264 |
_aDurban : _bLexisNexis, _c2012 |
||
| 300 |
_axiv, 439 p. : _bill. ; |
||
| 500 | _aIncludes bibliographical references (p. 395). | ||
| 504 | _aIncludes bibliographical references (p. 395). | ||
| 650 | 0 | _aLabor laws and legislation | |
| 650 | 0 | _aLabour laws and legislation | |
| 700 | 1 |
_a _eauthor |
|
| 942 |
_2lcc _cBK _h1270 _iPLE _kKTL |
||